[Event "Women's Speed Chess Q7"]
[Site "chess.com INT"]
[Date "2021.06.06"]
[Round "17"]
[White "Batsiashvili, Nino"]
[Black "Cyfka, Karina"]
[Result "1-0"]
[WhiteTitle "GM"]
[BlackTitle "IM"]
[WhiteElo "2491"]
[BlackElo "2417"]
[WhiteFideId "13602993"]
[BlackFideId "1122681"]
[EventDate "2021.06.06"]

1. d4 d6 2. Nf3 Nf6 3. g3 Nbd7 4. Bg2 e5 5. O-O Be7 6. c4 O-O 7. Nc3 c6 8. e4 a6
9. h3 b5 10. cxb5 cxb5 11. b4 Bb7 12. d5 Rc8 13. Bb2 Rxc3 14. Bxc3 Nxe4 15. Bb2
Nef6 16. Nh4 Nb6 17. Nf5 Qd7 18. Ne3 Na4 19. Qd2 g6 20. Rac1 Ne8 21. Rc2 Bg5 22.
Ba1 Nb6 23. f4 exf4 24. gxf4 Bf6 25. Bxf6 Nxf6 26. Qd4 Nbxd5 27. Nxd5 Nxd5 28.
Bxd5 Bxd5 29. Qxd5 Qxh3 30. Rg2 Qe3+ 31. Rgf2 Rc8 32. f5 Qg3+ 33. Qg2 Qh4 34.
fxg6 hxg6 35. Rxf7 Rc4 36. Qxg6+ Kh8 37. Rf8# 1-0

[Event "Women's Speed Chess Q7"]
[Site "chess.com INT"]
[Date "2021.06.06"]
[Round "17"]
[White "Kazarian, Anna-Maja"]
[Black "Zakirova, Aisha"]
[Result "0-1"]
[WhiteTitle "FM"]
[BlackTitle "WCM"]
[WhiteElo "2096"]
[BlackElo "1585"]
[WhiteFideId "1033689"]
[BlackFideId "13719734"]
[EventDate "2021.06.06"]

1. e4 c5 2. Nf3 d6 3. d4 cxd4 4. Nxd4 Nf6 5. Nc3 Nc6 6. Be2 e5 7. Nb3 Be6 8. O-O
d5 9. exd5 Nxd5 10. Nxd5 Bxd5 11. c4 Be6 12. Be3 Be7 13. a3 O-O 14. Rc1 Qc7 15.
Qc2 Rfd8 16. Bf3 Nd4 17. Bxd4 exd4 18. Qd3 Rac8 19. Nxd4 Qb6 20. Rfd1 Bf6 21. c5
Qxb2 22. Rb1 Qxd4 23. Qe2 Qxc5 24. Bxb7 Rxd1+ 25. Rxd1 Rb8 26. Bf3 Qxa3 27. g3
h6 28. Kg2 Qb2 29. Qe4 Qb4 0-1

[Event "Women's Speed Chess Q7"]
[Site "chess.com INT"]
[Date "2021.06.06"]
[Round "17"]
[White "Kotepalli, Sai Nirupama"]
[Black "Mkrtchian, Lilit"]
[Result "1-0"]
[WhiteTitle "WFM"]
[BlackTitle "IM"]
[WhiteElo "1914"]
[BlackElo "2388"]
[WhiteFideId "5039444"]
[BlackFideId "13300601"]
[EventDate "2021.06.06"]

1. e4 e6 2. d3 d5 3. Nd2 c5 4. Ngf3 Nc6 5. g3 Bd6 6. Bg2 Nge7 7. O-O O-O 8. Qe2
Qc7 9. c3 b6 10. Re1 f6 11. h4 d4 12. c4 e5 13. Nh2 Be6 14. Ndf1 a6 15. a3 b5
16. b3 Rab8 17. Ng4 Na5 18. Nd2 Nxb3 19. Nxb3 bxc4 20. Nd2 cxd3 21. Qd1 c4 22.
Nh2 c3 23. Ndf3 d2 24. Nxd2 cxd2 25. Bxd2 Rfc8 26. Qh5 Bf7 27. Qg4 Qc2 28. Red1
Re8 29. h5 Kh8 30. h6 g6 31. Qf3 Qb3 32. Qxf6+ Kg8 33. Qg7# 1-0

[Event "Women's Speed Chess Q7"]
[Site "chess.com INT"]
[Date "2021.06.06"]
[Round "17"]
[White "Dong, Khanh Linh"]
[Black "Perez Rodriguez, Jennifer"]
[Result "1-0"]
[WhiteTitle "WCM"]
[BlackTitle "WIM"]
[WhiteElo "1970"]
[BlackElo "2251"]
[WhiteFideId "12403040"]
[BlackFideId "3507831"]
[EventDate "2021.06.06"]

1. e4 e5 2. Nf3 Nc6 3. Bb5 f5 4. Nc3 fxe4 5. Nxe4 Nf6 6. Nxf6+ Qxf6 7. d3 d6 8.
Bg5 Qg6 9. g3 Bg4 10. h3 Bxf3 11. Qxf3 Qxg5 12. Bxc6+ Ke7 13. Bxb7 Rb8 14. Bd5
Qg6 15. O-O-O Qf6 16. Rhe1 Kd8 17. Qxf6+ gxf6 18. d4 Bh6+ 19. Kb1 Rf8 20. Bb3
Kd7 21. dxe5 fxe5 22. Rxe5 Rxf2 23. Ba4+ Kc8 24. Re8+ Kb7 25. Bc6+ Kxc6 26. Rxb8
Rf3 27. Rb3 Rf6 28. g4 Bf4 29. Rc3+ Kd7 30. h4 Be5 31. Re3 Rf4 32. Rxe5 Rxg4 33.
Rh5 Rg7 34. a3 Kc6 35. Ka2 Kb7 36. Kb3 Kc6 37. c3 Kd7 38. Rd4 Ke7 39. Re4+ Kd7
40. Rg5 Rf7 41. Reg4 1-0

[Event "Women's Speed Chess Q7"]
[Site "chess.com INT"]
[Date "2021.06.06"]
[Round "17"]
[White "Grigoryan, Meri"]
[Black "Grineva, Marianna"]
[Result "1-0"]
[WhiteTitle "WFM"]
[BlackTitle "WFM"]
[WhiteElo "2044"]
[BlackElo "2029"]
[WhiteFideId "13300571"]
[BlackFideId "14102013"]
[EventDate "2021.06.06"]

1. d4 d6 2. Nf3 g6 3. c4 Bg7 4. Nc3 f5 5. Bg5 Nf6 6. Bxf6 Bxf6 7. e4 O-O 8. e5
Bg7 9. Be2 c5 10. exd6 Qxd6 11. dxc5 Qxc5 12. O-O Be6 13. Rc1 Nc6 14. Nd5 Rad8
15. Qb3 b6 16. Nc7 Bf7 17. Nb5 Na5 18. Qc2 Rd7 19. Rfd1 Rfd8 20. a3 Rxd1+ 21.
Rxd1 Rxd1+ 22. Qxd1 Bxc4 23. Qd8+ Kf7 24. Bxc4+ Qxc4 25. Nc3 Nb3 26. h3 h6 27.
Kh2 b5 28. Qd7 Qf4+ 29. Kg1 Qd6 30. Qxa7 b4 31. axb4 Qxb4 32. Nd5 Nd2 33. Nxb4
Nxf3+ 34. gxf3 Bxb2 35. Nd5 Bf6 36. Nxf6 Kxf6 37. Qe3 g5 38. Kg2 f4 39. Qe4 e5
40. h4 gxh4 41. Kh3 h5 42. Kxh4 Ke6 43. Kxh5 1-0

[Event "Women's Speed Chess Q7"]
[Site "chess.com INT"]
[Date "2021.06.06"]
[Round "17"]
[White "Von Herman, Brigitte"]
[Black "Arpita, Mukherjee"]
[Result "0-1"]
[WhiteTitle "WFM"]
[BlackTitle "WIM"]
[WhiteElo "1991"]
[BlackElo "2206"]
[WhiteFideId "4628730"]
[BlackFideId "5056403"]
[EventDate "2021.06.06"]

1. e4 c5 2. c3 d5 3. exd5 Qxd5 4. d4 g6 5. Nf3 Bg7 6. h3 Nf6 7. Be3 cxd4 8. cxd4
O-O 9. Nc3 Qd8 10. Bc4 b6 11. O-O Bb7 12. Ne5 e6 13. Rc1 Nc6 14. Bb3 Nb4 15. a3
Nbd5 16. Re1 h6 17. Qd2 Kh7 18. Rcd1 Rc8 19. Ne2 Ne4 20. Qd3 Nxe3 21. Qxe3 Nd6
22. Nf4 Nf5 23. Qd3 Qd6 24. Bc2 Rcd8 25. Nc4 Qc6 26. f3 Rxd4 27. Qb3 Qxc4 28.
Qxc4 Rxc4 29. Be4 Bxe4 30. fxe4 Nd4 31. Rd3 Nc2 32. Red1 Bxb2 33. Rd7 Ne3 34.
R1d2 Rc1+ 35. Kh2 Be5 36. g3 Nf1+ 37. Kg2 Nxd2 38. Rxd2 Bxf4 39. gxf4 Rfc8 40.
Rd7 R8c2+ 41. Kf3 Kg7 42. Rxa7 Rc3+ 0-1

[Event "Women's Speed Chess Q7"]
[Site "chess.com INT"]
[Date "2021.06.06"]
[Round "17"]
[White "Papp, Petra"]
[Black "Morris-Suzuki, Sophie"]
[Result "0-1"]
[WhiteTitle "WGM"]
[BlackTitle "WFM"]
[WhiteElo "2336"]
[BlackElo "2043"]
[WhiteFideId "739049"]
[BlackFideId "30922615"]
[EventDate "2021.06.06"]

1. e4 c5 2. d4 e6 3. d5 exd5 4. exd5 d6 5. Nc3 g6 6. Bb5+ Bd7 7. a4 Bg7 8. Nf3
Ne7 9. O-O O-O 10. Bf4 Bg4 11. h3 Bxf3 12. Qxf3 a6 13. Bc4 Nf5 14. Rfe1 Nd7 15.
a5 Ne5 16. Qe2 Nd4 17. Qf1 Qh4 18. Bxe5 Bxe5 19. Qd3 Qf4 20. g3 Nf3+ 21. Kh1
Nxe1 22. gxf4 Nxd3 23. fxe5 Nxe5 24. Bf1 f5 25. Ra3 Nf3 26. Rb3 Nd2 27. Rxb7
Nxf1 28. Rb6 Rfd8 29. Na4 Nd2 30. b3 Ne4 31. Kg2 Nf6 32. c4 Ne4 33. Rc6 Kf7 34.
Nb6 Rab8 35. Rc7+ Kg8 36. Nd7 Rxb3 37. Ra7 Rb2 38. Nb6 Rxf2+ 39. Kg1 Ra2 40.
Rxa6 Re8 41. Ra7 Ng3 0-1

[Event "Women's Speed Chess Q7"]
[Site "chess.com INT"]
[Date "2021.06.06"]
[Round "17"]
[White "Koridze, Lile"]
[Black "Zawadzka, Jolanta"]
[Result "1-0"]
[WhiteTitle "WFM"]
[BlackTitle "WGM"]
[WhiteElo "2016"]
[BlackElo "2403"]
[WhiteFideId "13612514"]
[BlackFideId "1122320"]
[EventDate "2021.06.06"]

1. d4 d5 2. c4 e6 3. Nf3 Nf6 4. g3 Bb4+ 5. Bd2 Be7 6. Bg2 O-O 7. O-O c6 8. Qc2
b6 9. Rd1 Bb7 10. b3 Nbd7 11. Nc3 Rc8 12. e4 dxe4 13. Nxe4 Nxe4 14. Qxe4 Nf6 15.
Qc2 Qc7 16. Bf4 Bd6 17. Ne5 Qe7 18. Rac1 Bb8 19. c5 Nh5 20. Be3 Nf6 21. Bg5 h6
22. Bxf6 Qxf6 23. Nd7 Qe7 24. Nxf8 Qxf8 25. Qe4 b5 26. b4 Rd8 27. Qe2 Bc7 28. a4
bxa4 29. b5 Qe8 30. Ra1 Rb8 31. Rxa4 cxb5 32. Rxa7 Bxg2 33. Kxg2 Qd8 34. Qf3 b4
35. Rb7 b3 36. Rxb3 Rxb3 37. Qxb3 e5 38. dxe5 Qe7 39. Qd5 Kh7 40. Re1 g6 41. e6
f5 42. Qd7 Bd8 43. Rd1 f4 44. Qxd8 Qxc5 45. Rd7+ 1-0

[Event "Women's Speed Chess Q7"]
[Site "chess.com INT"]
[Date "2021.06.06"]
[Round "17"]
[White "Semenova, Elena1"]
[Black "Kashlinskaya, Alina"]
[Result "1-0"]
[WhiteTitle "WIM"]
[BlackTitle "IM"]
[WhiteElo "2246"]
[BlackElo "2494"]
[WhiteFideId "24125148"]
[BlackFideId "4198026"]
[EventDate "2021.06.06"]

1. e4 e6 2. d4 d5 3. Nc3 Nf6 4. Bg5 dxe4 5. Nxe4 Be7 6. Nxf6+ Bxf6 7. Bxf6 Qxf6
8. Nf3 O-O 9. Bd3 Rd8 10. O-O c5 11. dxc5 Na6 12. Qe2 Nxc5 13. Bc4 b6 14. Rad1
Bb7 15. Ne5 Ne4 16. Ng4 Qg5 17. f4 Qc5+ 18. Ne3 Nd6 19. Bd3 Ne4 20. Bc4 Nf6 21.
Bd3 Nd5 22. Rde1 Qd4 23. Kh1 Nxf4 24. Qf2 e5 25. Bb5 Rac8 26. c3 Qc5 27. Ba4 b5
28. Bb3 Rc7 29. Rd1 Rcd7 30. Rxd7 Rxd7 31. h3 a5 32. Kh2 a4 33. Bc2 Qc6 34. Qh4
h6 35. Rf2 b4 36. Qg4 bxc3 37. bxc3 Qf6 38. Qxd7 Bc6 39. Qc8+ 1-0

[Event "Women's Speed Chess Q7"]
[Site "chess.com INT"]
[Date "2021.06.06"]
[Round "17"]
[White "Golubenko, Valentina"]
[Black "Mendoza, Shania Mae"]
[Result "1/2-1/2"]
[WhiteTitle "WGM"]
[BlackTitle "WFM"]
[WhiteElo "2209"]
[BlackElo "2158"]
[WhiteFideId "4501993"]
[BlackFideId "5211158"]
[EventDate "2021.06.06"]

1. d4 d5 2. Nf3 c6 3. g3 Nf6 4. Bg2 g6 5. O-O Bg7 6. c4 O-O 7. cxd5 cxd5 8. Nc3
Nc6 9. Bf4 a6 10. Rc1 b5 11. Ne5 Bb7 12. Nxd5 Nxd5 13. Nxc6 Bxc6 14. Rxc6 Nxf4
15. gxf4 Qxd4 16. Qxd4 Bxd4 17. b3 Ra7 18. e3 Bf6 19. Rfc1 Rd8 20. Rc8 Rxc8 21.
Rxc8+ Kg7 22. Rc6 a5 23. Bf1 b4 24. Bc4 a4 25. Rb6 axb3 26. axb3 Bc3 27. Kg2 h5
28. Kf3 Ra2 29. Rb7 Kf6 30. Rb6+ e6 31. e4 Rxf2+ 32. Kxf2 Bd4+ 33. Kf3 Bxb6 34.
e5+ Kg7 35. h3 Bd8 36. Ke4 Be7 37. Bd3 g5 38. f5 exf5+ 39. Kxf5 f6 40. e6 Bd8
41. Be2 h4 42. Bg4 Be7 43. Bf3 Kf8 44. Bg4 Ke8 45. Bh5+ Kd8 46. Bg4 Kc7 47. Kg6
Kd6 48. Kf7 Bd8 49. Ke8 Be7 50. Kf7 Bd8 51. Ke8 Be7 52. Kf7 1/2-1/2

[Event "Women's Speed Chess Q7"]
[Site "chess.com INT"]
[Date "2021.06.06"]
[Round "17"]
[White "Arabidze, Meri"]
[Black "Avramidou, Anastasia"]
[Result "1/2-1/2"]
[WhiteTitle "IM"]
[BlackTitle "FM"]
[WhiteElo "2432"]
[BlackElo "2238"]
[WhiteFideId "13604040"]
[BlackFideId "4239873"]
[EventDate "2021.06.06"]

1. Nf3 Nf6 2. e3 g6 3. d4 Bg7 4. Be2 O-O 5. O-O d5 6. c4 c5 7. Nc3 cxd4 8. exd4
Nc6 9. c5 Ne4 10. Be3 Nxc3 11. bxc3 e5 12. dxe5 Nxe5 13. Nxe5 Bxe5 14. Bd4 Qf6
15. Bf3 Rd8 16. Re1 Bxd4 17. cxd4 Bf5 18. Re5 Be6 19. Qb3 b6 20. cxb6 axb6 21.
Qxb6 Rab8 22. Qa7 Rb2 23. Rae1 Qf4 24. Qe7 Rf8 25. Qc5 Qd2 26. R5e2 Qb4 27. Qxb4
Rxb4 28. Rd2 Ra8 29. h4 Raa4 30. Re5 Rxd4 31. Rxd4 Rxd4 32. g3 Ra4 33. Bxd5 Ra5
34. Rxe6 fxe6 35. Bxe6+ Kg7 36. Bb3 Kf6 37. Kg2 Ke5 38. Kf3 h6 39. Ke3 Rc5 40.
Kf3 g5 41. hxg5 hxg5 42. Kg4 Kf6 43. f4 gxf4 44. gxf4 Ra5 45. Bc4 Ra4 46. Bb3
Ra5 47. Bc4 Ra4 48. Bb3 Ra5 1/2-1/2

[Event "Women's Speed Chess Q7"]
[Site "chess.com INT"]
[Date "2021.06.06"]
[Round "17"]
[White "Bommini, Mounika Akshaya"]
[Black "Vantika, Agrawal"]
[Result "0-1"]
[WhiteTitle "WFM"]
[BlackTitle "WIM"]
[WhiteElo "2029"]
[BlackElo "2286"]
[WhiteFideId "25019872"]
[BlackFideId "25050389"]
[EventDate "2021.06.06"]

1. d4 c5 2. d5 e5 3. c4 d6 4. e4 Be7 5. Nc3 Bg5 6. f4 Bxf4 7. Bxf4 exf4 8. Nge2
Qh4+ 9. Kd2 a6 10. Kc2 f5 11. Qd2 g5 12. Re1 Nd7 13. exf5 Ne5 14. Nc1 Bxf5+ 15.
Bd3 Ne7 16. Bxf5 Nxf5 17. Nd3 Ne3+ 18. Rxe3 fxe3 19. Qxe3 O-O-O 20. b3 Nxd3 21.
Qxd3 Qf2+ 22. Qd2 Rhf8 23. Re1 Qxd2+ 24. Kxd2 Rf2+ 25. Re2 Rdf8 26. Ne4 Rxe2+
27. Kxe2 Kd7 28. Nxg5 Rg8 29. h4 h6 30. Ne4 Rxg2+ 31. Nf2 Ke7 32. Kf3 Rg8 33.
Ng4 h5 34. Ne3 Kf6 35. Kf4 b5 36. Kf3 Ke5 37. Ng2 Rg4 38. Ne3 Rf4+ 39. Ke2 Rxh4 0-1

[Event "Women's Speed Chess Q7"]
[Site "chess.com INT"]
[Date "2021.06.06"]
[Round "17"]
[White "Petrova, Irina"]
[Black "Zhou, Qiyu"]
[Result "1-0"]
[WhiteTitle "WIM"]
[BlackTitle "FM"]
[WhiteElo "2110"]
[BlackElo "2229"]
[WhiteFideId "14124122"]
[BlackFideId "505161"]
[EventDate "2021.06.06"]

1. e4 c5 2. Nf3 d6 3. Bb5+ Nd7 4. O-O a6 5. Bxd7+ Bxd7 6. d4 cxd4 7. Qxd4 Nf6 8.
Bg5 Rc8 9. Bxf6 gxf6 10. a4 Qc7 11. Nc3 Qc5 12. Qd2 Bg7 13. Rad1 O-O 14. Nd4 Qc4
15. Nd5 Rce8 16. b3 Qc8 17. Ne3 Kh8 18. Ndf5 Bxf5 19. Nxf5 Rg8 20. Kh1 Bf8 21.
c4 Rd8 22. Qf4 Qe6 23. Rd3 Qe5 24. Qh4 Rg6 25. Rh3 h6 26. Rg3 Kh7 27. Qh3 e6 28.
Nh4 Qh5 29. Nxg6 fxg6 30. Qxh5 gxh5 31. Rd3 Be7 32. f3 Kg7 33. Rfd1 Rc8 34. Kg1
Kf7 35. Kf2 Rc5 36. Ke3 b5 37. axb5 axb5 38. cxb5 Rxb5 39. Ra1 f5 40. Ra7 Kf6
41. exf5 Rxf5 42. Rc3 d5 43. Rcc7 Bd6 44. Rf7+ Ke5 45. Rxf5+ exf5 46. f4+ Ke6
47. Ra6 Kd7 48. Ra7+ Kc6 49. Rh7 Bc5+ 50. Kd3 Kb5 51. Rxh6 1-0

[Event "Women's Speed Chess Q7"]
[Site "chess.com INT"]
[Date "2021.06.06"]
[Round "17"]
[White "Obregon Garcia, Roxangel"]
[Black "Jakubowska, Anna"]
[Result "0-1"]
[WhiteTitle "WIM"]
[BlackTitle "WIM"]
[WhiteElo "2167"]
[BlackElo "2073"]
[WhiteFideId "3520420"]
[BlackFideId "1121952"]
[EventDate "2021.06.06"]

1. e4 c6 2. d3 d5 3. Qe2 g6 4. g3 Bg7 5. Bg2 e5 6. Nc3 Ne7 7. f4 exf4 8. gxf4
dxe4 9. dxe4 Qa5 10. Bd2 Qb6 11. O-O-O Be6 12. Kb1 O-O 13. h4 h5 14. Bh3 Bxh3
15. Nxh3 Qa6 16. Qf3 Nd7 17. Ng5 Nc5 18. f5 Be5 19. f6 Nc8 20. Bf4 Bxf4 21. Qxf4
Na4 22. Nxa4 Qxa4 23. Rhe1 Nb6 24. Qf3 Qb4 25. c3 Qb5 26. e5 Nc4 27. Re2 Nxe5
28. Qe4 Nc4 29. b3 Na5 30. Rde1 Nxb3 31. axb3 Qxb3+ 32. Rb2 Qxc3 33. Rc1 Qxf6
34. Nf3 Rfe8 35. Qd3 Rad8 36. Qb3 Qf5+ 37. Ka1 Rd3 38. Rc3 Qa5+ 39. Kb1 Qxc3 0-1

[Event "Women's Speed Chess Q7"]
[Site "chess.com INT"]
[Date "2021.06.06"]
[Round "17"]
[White "Buksa, Nataliya"]
[Black "Eswaran, Ashritha"]
[Result "1-0"]
[WhiteTitle "IM"]
[BlackTitle "WIM"]
[WhiteElo "2413"]
[BlackElo "2244"]
[WhiteFideId "14123622"]
[BlackFideId "2080788"]
[EventDate "2021.06.06"]

1. e4 c5 2. b3 Nc6 3. Bb2 e6 4. Bb5 Nge7 5. Nc3 a6 6. Be2 Ng6 7. Nf3 Be7 8. d4
cxd4 9. Nxd4 Nxd4 10. Qxd4 Bf6 11. Qd2 O-O 12. f4 d6 13. g3 b5 14. O-O-O b4 15.
Na4 Bxb2+ 16. Kxb2 Qf6+ 17. Kb1 d5 18. exd5 exd5 19. Qxd5 Be6 20. Qd4 Qe7 21.
Bf3 Rad8 22. Qc5 Qf6 23. Rxd8 Rxd8 24. Rd1 Rxd1+ 25. Bxd1 h6 26. Qxb4 Qd8 27.
Bf3 Ne7 28. Nc5 Bd5 29. Qd4 Qa8 30. Bxd5 Nxd5 31. Kb2 Nf6 32. Nd3 Qg2 33. Ne5
Nd5 34. Qc4 a5 35. Qc8+ Kh7 36. Qf5+ Kh8 37. Nxf7+ Kg8 38. Ne5 Ne3 39. Qe6+ Kh7
40. Qg6+ Kg8 41. Qd3 a4 42. bxa4 Qb7+ 43. Kc3 Nd5+ 44. Kd2 Qb4+ 45. Ke2 Nc3+ 46.
Kf2 Qc5+ 47. Kg2 Nd5 48. a5 Ne3+ 49. Kf3 Nxc2 50. Qc4+ Qxc4 51. Nxc4 Nb4 52. a3
Na6 53. Ke4 Kf7 54. Kd5 Kf6 55. Kc6 1-0

[Event "Women's Speed Chess Q7"]
[Site "chess.com INT"]
[Date "2021.06.06"]
[Round "17"]
[White "Berend, Elvira"]
[Black "Nanditha, V"]
[Result "1-0"]
[WhiteTitle "WGM"]
[BlackTitle "WCM"]
[WhiteElo "2326"]
[BlackElo "1666"]
[WhiteFideId "4000510"]
[BlackFideId "46626697"]
[EventDate "2021.06.06"]

1. e4 c6 2. d4 d5 3. exd5 cxd5 4. c4 Nf6 5. Nc3 Nc6 6. Nf3 e6 7. Be2 Be7 8. O-O
dxc4 9. Bxc4 a6 10. Bg5 b5 11. Bb3 Bb7 12. Re1 O-O 13. Rc1 Rc8 14. Bc2 Nb4 15.
Bb1 h6 16. Bh4 Nbd5 17. Bg3 b4 18. Ne4 Rxc1 19. Qxc1 Nxe4 20. Bxe4 Qa5 21. Bb1
Rc8 22. Qd2 Qb6 23. Qd3 g6 24. Ne5 Qb5 25. Qf3 Nf6 26. Qf4 Qe8 27. Qxh6 Bf8 28.
Qf4 Bg7 29. Bh4 Nd5 30. Qd2 a5 31. Bg3 Qd8 32. h4 Qb6 33. h5 Ba8 34. hxg6 f6 35.
Nf7 Qb7 36. Nh6+ Bxh6 37. Qxh6 Nf4 38. Qh7+ Qxh7 39. gxh7+ Kg7 40. Bxf4 e5 41.
dxe5 f5 42. e6 Re8 43. Bxf5 Rf8 44. Be5+ Kh6 45. g4 Kg5 46. e7 Re8 47. h8=Q Rxh8
48. Bxh8 Bc6 49. e8=Q Bxe8 50. Rxe8 a4 51. Rb8 b3 52. axb3 Kf4 53. bxa4 Kg5 54.
Bd3 Kh4 55. Rb4 Kh3 56. Bf1+ Kh4 57. Bf6# 1-0

[Event "Women's Speed Chess Q7"]
[Site "chess.com INT"]
[Date "2021.06.06"]
[Round "17"]
[White "Shuvalova, Polina"]
[Black "Ortiz Verdezoto, Anahi"]
[Result "1-0"]
[WhiteTitle "IM"]
[BlackTitle "WIM"]
[WhiteElo "2489"]
[BlackElo "2013"]
[WhiteFideId "24171760"]
[BlackFideId "3614581"]
[EventDate "2021.06.06"]

1. e4 e5 2. Nf3 Nc6 3. Bb5 a6 4. Ba4 Nf6 5. O-O b5 6. Bb3 Bc5 7. c3 d6 8. a4 Bb7
9. d3 O-O 10. Nbd2 Bb6 11. Re1 Ne7 12. Nf1 Ng6 13. Ng3 d5 14. Bg5 bxa4 15. Ra3
axb3 16. Qxb3 h6 17. Bxf6 Qxf6 18. exd5 Rad8 19. c4 Ba8 20. Ne4 Qe7 21. Rxa6 Kh8
22. Qc3 f5 23. Ned2 e4 24. dxe4 fxe4 25. Rxe4 Qc5 26. Re2 Nf4 27. Re3 Rde8 28.
Kf1 Rxe3 29. fxe3 Ng6 30. b4 Qxe3 31. Qxe3 Bxe3 32. Ke2 Bxd2 33. Nxd2 Nf4+ 34.
Ke3 Nxg2+ 35. Kd4 Nf4 36. Ne4 Ne2+ 37. Ke3 Nc1 38. b5 Nb3 39. Ra3 Nc1 40. Kd2
Rd8 41. Kxc1 Bxd5 42. cxd5 Rxd5 43. Nc3 Rc5 44. Kd2 g5 45. Kd3 Kg7 46. Kd4 Rf5
47. Ra7 Rf4+ 48. Kc5 Rf3 49. Nd5 g4 50. Rxc7+ Kg6 51. b6 Kg5 52. b7 1-0

[Event "Women's Speed Chess Q7"]
[Site "chess.com INT"]
[Date "2021.06.06"]
[Round "17"]
[White "Padmini, Rout"]
[Black "Nguyen, Hong Anh"]
[Result "1/2-1/2"]
[WhiteTitle "IM"]
[BlackTitle "WIM"]
[WhiteElo "2370"]
[BlackElo "1993"]
[WhiteFideId "5029295"]
[BlackFideId "12406732"]
[EventDate "2021.06.06"]

1. e4 c5 2. Nf3 Nc6 3. d4 cxd4 4. Nxd4 g6 5. Nc3 Bg7 6. Be3 Nf6 7. Bc4 d6 8. O-O
O-O 9. h3 Bd7 10. Bb3 Rc8 11. Qd2 Ne5 12. Bh6 Nc4 13. Bxc4 Rxc4 14. Bxg7 Kxg7
15. Rad1 Qa5 16. Nb3 Qe5 17. f4 Qh5 18. Rfe1 Be6 19. Nd4 Bc8 20. e5 dxe5 21.
fxe5 Ne8 22. e6 f6 23. Qf4 Qc5 24. Kh1 Nd6 25. Nb3 Rxf4 26. Nxc5 b6 27. Nd7 Rd8
28. Nd5 Re4 29. Nxe7 Rxe1+ 30. Rxe1 Bxd7 31. exd7 Rxd7 32. Nd5 Nc4 33. Re7+ Rxe7
34. Nxe7 Nxb2 35. Nc8 a5 36. Nxb6 Kf7 37. c4 Ke6 38. c5 Nd3 39. Nc4 Nxc5 40.
Nxa5 Kd5 41. Nb3 Na4 42. Kh2 Kc4 43. Nd2+ Kd3 44. Nf3 Nc3 45. a3 Na4 46. Kg3 Kc3
47. Kf4 Kb3 48. g4 Kxa3 49. h4 Nc3 50. g5 fxg5+ 51. Nxg5 Nd5+ 52. Ke5 Ne3 53.
Nxh7 Ng2 54. Kf6 Nxh4 55. Nf8 g5 56. Kxg5 1/2-1/2

[Event "Women's Speed Chess Q7"]
[Site "chess.com INT"]
[Date "2021.06.06"]
[Round "17"]
[White "Ziegenfuss, Antonia"]
[Black "Hng, Mei-En Emmanuelle"]
[Result "1-0"]
[WhiteTitle "WFM"]
[BlackTitle "WFM"]
[WhiteElo "2157"]
[BlackElo "2013"]
[WhiteFideId "12962554"]
[BlackFideId "5804566"]
[EventDate "2021.06.06"]

1. d4 Nf6 2. c4 e6 3. Nc3 c5 4. d5 exd5 5. cxd5 d6 6. e4 g6 7. Nge2 Bg7 8. Ng3
O-O 9. Be2 Re8 10. O-O Na6 11. f4 Nc7 12. a4 Rb8 13. e5 dxe5 14. d6 Na6 15. f5
Nb4 16. fxg6 hxg6 17. Bg5 e4 18. Ncxe4 Bf5 19. Nxf5 gxf5 20. Nc3 Qd7 21. Bb5 Nc6
22. Nd5 Nxd5 23. Qxd5 Re5 24. Qf3 a6 25. Bc4 Qxd6 26. Rad1 Qg6 27. Bf4 Nd4 28.
Qf2 Ree8 29. Bxb8 Rxb8 30. Bd3 Bh6 31. Bxf5 Nxf5 32. Qxf5 Qxf5 33. Rxf5 Re8 34.
Kh1 Bg7 35. Rxc5 Bxb2 36. Rc7 b5 37. axb5 axb5 38. h3 b4 39. Rb7 Bc3 40. Rdd7
Re1+ 41. Kh2 Be5+ 42. g3 Re2+ 43. Kg1 Bxg3 44. Rxf7 Be5 45. Rfd7 Bh2+ 46. Kh1
Be5 47. Rd8# 1-0

[Event "Women's Speed Chess Q7"]
[Site "chess.com INT"]
[Date "2021.06.06"]
[Round "17"]
[White "Belenkaya, Dina"]
[Black "Zhuravleva, Olga"]
[Result "1-0"]
[WhiteTitle "WGM"]
[BlackTitle "WIM"]
[WhiteElo "2341"]
[BlackElo "2278"]
[WhiteFideId "24142654"]
[BlackFideId "4145933"]
[EventDate "2021.06.06"]

1. e4 e5 2. Nf3 Nc6 3. Bb5 f5 4. d3 Nf6 5. O-O Bc5 6. Nc3 O-O 7. h3 d6 8. Bc4+
Kh8 9. Nd5 Nd4 10. Nxd4 Bxd4 11. Bg5 f4 12. c3 Bb6 13. a4 c6 14. Nxb6 axb6 15.
d4 h6 16. dxe5 hxg5 17. exf6 Qxf6 18. Qh5+ Qh6 19. Qxh6+ gxh6 20. b3 Kg7 21.
Rad1 Rf6 22. e5 dxe5 23. Rd8 Rf8 24. Rfd1 Bf5 25. Rxa8 Rxa8 26. Rd6 Re8 27. f3
Re7 28. Kf2 e4 29. fxe4 Bxe4 30. Be6 Bg6 31. Bc8 Bf7 32. b4 Bc4 33. Rd4 b5 34.
a5 Re2+ 35. Kf3 Re3+ 36. Kg4 Re7 37. Kf5 Rf7+ 38. Ke5 Rf8 39. Rd7+ Rf7 40. Rxf7+
Kxf7 41. Bxb7 Bd5 42. a6 Bxg2 43. a7 f3 44. a8=Q f2 45. Bxc6 Bxc6 46. Qa7+ Kg6
47. Qxf2 Kh5 48. Qc5 Kh4 49. Qxc6 g4 50. Qxh6+ Kg3 51. Qg5 Kh2 52. hxg4 Kg2 53.
Qh5 Kf2 54. g5 Ke3 55. g6 Kd2 56. g7 Kc2 57. g8=Q Kb2 58. Qg2+ Kxc3 59. Qhh3+
Kc4 60. Qe4# 1-0

[Event "Women's Speed Chess Q7"]
[Site "chess.com INT"]
[Date "2021.06.06"]
[Round "17"]
[White "Chu, Ruotong"]
[Black "Antolak, Julia"]
[Result "0-1"]
[WhiteTitle "WIM"]
[BlackTitle "WIM"]
[WhiteElo "2207"]
[BlackElo "2309"]
[WhiteFideId "8605653"]
[BlackFideId "1159569"]
[EventDate "2021.06.06"]

1. d4 Nf6 2. Nf3 g6 3. g3 Bg7 4. Bg2 O-O 5. O-O d6 6. c4 c6 7. Nc3 Qa5 8. Bg5 h6
9. Bf4 Nbd7 10. h3 Re8 11. Qd2 Kh7 12. d5 cxd5 13. cxd5 Nb6 14. Rfd1 Bd7 15. Qd3
Rac8 16. a3 Na4 17. b4 Qc7 18. Nxa4 Bxa4 19. Rdc1 Qd7 20. Nd4 a6 21. e4 Rxc1+
22. Rxc1 Rc8 23. Rxc8 Qxc8 24. Kh2 Nd7 25. Nf3 Nb6 26. Be3 Bb5 27. Qd1 Nc4 28.
a4 Nxe3 29. fxe3 Bd7 30. Nd4 Qc4 31. Qd2 Bxa4 32. h4 h5 33. Bf3 Bxd4 34. exd4
Qc2 35. Qxc2 Bxc2 36. Kg2 b6 37. Kf2 a5 38. bxa5 bxa5 39. Ke3 a4 40. Kd2 Bb3 41.
Kc3 f6 42. Be2 Kh6 43. g4 hxg4 44. Bxg4 g5 45. hxg5+ Kxg5 46. Bd7 Kf4 47. Bf5
Bd1 48. Bg6 a3 49. Bh7 Bf3 0-1